000 00834nam a22002175i 4500
001 166395
003 ES-MaACL
005 20250817210337.0
008 050914s1889 fr | |||||||| ||fre d
040 _aCAM
_bspa
_cCAM
100 1 _aTolstói, Lev,
_d1828-1910
_9110489
245 1 4 _aLes décembristes /
_cComte Léon Tolstoï; [traduit par B. Tseytline & E. Jaubert; avec une introduction historique].
260 _aParis :
_bAlbert Savine éditeur,
_c1889 (
_eEvreux :
_fImprimerie de Charles Hérissey)
300 _aLI, 248 p. ;
_c19 cm.
594 _aTraductores tomados de la cub. original.
700 1 _aTseytline, Boris (
_d18..-1889)
_9111604
700 1 _aJaubert, Ernest,
_d1856-1942
_9128280
852 _aES-MaACL
_jF-9551
_z-- Enc. hol. conservando la cub. original
999 _c166395
_d166395